Alle Zauberwürfel-Disziplin der WCA - Statistiken

Allgemein
  • Dieses Quiz wurde 30 mal gespielt
  • Das Durchschnittsergebnis liegt bei 12 aus 17
Antwortstatistiken
Antwort % Korrekt
3×3 Würfel
100%
2×2 Würfel
95%
4×4 Würfel
95%
5×5 Würfel
95%
6×6 Würfel
95%
7×7 Würfel
95%
Megaminx
79%
Pyraminx
79%
Square-1
63%
3×3 Würfel blind
58%
Clock
58%
3×3 Würfel einhändig
53%
4×4 Würfel blind
47%
5×5 Würfel blind
47%
Skewb
47%
3×3 Würfel multi-blind
37%
Fewest Moves
32%
Keine übereinstimmenden Quizze gefunden
Verteilung der Resultate
Anzahl Personen mit jedem Resultat
Perzentil nach korrekt beantworteten Fragen
Ihre Resultats-Entwicklung
Sie haben dieses Quiz noch nicht gespielt